Zoology for degree students: (Record no. 153405)

MARC details
000 -LEADER
fixed length control field 00624nam a22001937a 4500
005 - DATE AND TIME OF LATEST TRANSACTION
control field 20180705101659.0
010 ## - LCCN (DPL NO)
LC control number ENG-123381
020 ## - INTERNATIONAL STANDARD BOOK NUMBER
Terms of availability 425.00
International Standard Book Number 9789352534388
035 ## - SYSTEM CONTROL NUMBER
System control number EN-106913
037 ## - SOURCE OF ACQUISITION
Source of stock number/acquisition DBAD/PUB
082 ## - DEWEY DECIMAL CLASSIFICATION NUMBER
Classification number 590
100 ## - MAIN ENTRY--PERSONAL NAME
Personal name Agarwal, V.K.
245 00 - TITLE STATEMENT
Title Zoology for degree students:
Statement of responsibility, etc by V.K. Agarwal,
Remainder of title BSc (Hons) semester I /
260 ## - PUBLICATION, DISTRIBUTION, ETC. (IMPRINT)
Place of publication, distribution, etc New Delhi
Name of publisher, distributor, etc S. Chand and Company
Date of publication, distribution, etc 2018
270 ## - ADDRESS
Address 7361, Ram Nagar,
City New Delhi
Postal code 110055
300 ## - PHYSICAL DESCRIPTION
Extent 928p.
Dimensions 27cm(pbk)
Other physical details ill.
500 ## - GENERAL NOTE
General note It includes index.<br/>As per UGC choice based credit system (CBCS)
942 ## - ADDED ENTRY ELEMENTS (KOHA)
Source of classification or shelving scheme Dewey Decimal Classification
Item type English Books
Call number suffix AGA
Classification part 590
Holdings
Withdrawn status Lost status Not for loan Collection code Home library Current library Date acquired Source of acquisition Cost, normal purchase price Full call number Barcode Copy number Cost, replacement price Koha item type
    Not For Loan Non-fiction D.B.Act.Division Central Library 05/07/2018 DBAD/PUB 425.00 590 AGA EN-106913 1 425.00 English Books

© Delhi Public Library
Hit Counter
free hit counter